000 00329nam a22001577a 4500
003 SGT
020 _a81-224-1531-8
082 _a658.8342
_bC04K
100 _aKHAN, MATIN
245 _aCONSUMER BEHAVIOUR
250 _a2ND
260 _aNEW DELHI
_bNEW AGE PUB
_c2004
300 _a229
650 _aPHARMACY
942 _2ddc
_cBK
999 _c11214
_d11214